Kirjaimeen A päättyvät valtiot - Statistics

Yleistilastot
  • Tätä visaa on pelattu 209 kertaa
  • Keskiarvotulos 78 / 93
Vastaustilastot
Hint Vastaus % Oikein
Eurooppa B Belgia
98%
Eurooppa E Espanja
97%
Eurooppa I Italia
96%
Eurooppa R Ranska
95%
Eurooppa T Tanska
95%
Eurooppa L Latvia
94%
Eurooppa S Saksa
94%
Eurooppa A Albania
93%
Eurooppa A Andorra
93%
Etelä amerikka A Argentiina
93%
Oseania A Australia
93%
Etelä amerikka B Brasilia
93%
Aasia K Kiina
93%
Eurooppa N Norja
93%
Eurooppa P Puola
93%
Aasia I Intia
92%
Pohjois amerikka K Kanada
92%
Eurooppa L Liettua
92%
Eurooppa M Malta
92%
Eurooppa K Kreikka
91%
Afrikka A Algeria
90%
Afrikka A Angola
90%
Afrikka E Etiopia
90%
Etelä amerikka B Bolivia
89%
Aasia I Indonesia
89%
Eurooppa I Itävalta
89%
Afrikka K Kongon demokraattinen tasavalta
89%
Eurooppa S Serbia
89%
Eurooppa S Slovenia
89%
Eurooppa U Ukraina
89%
Eurooppa B Bulgaria
88%
Afrikka K Keski-Afrikan tasavalta
88%
Afrikka R Ruanda
88%
Afrikka U Uganda
88%
Pohjois amerikka D Dominica
87%
Aasia E Etelä korea
87%
Aasia G Georgia
87%
Pohjois amerikka J Jamaika
87%
Afrikka N Namibia
87%
Eurooppa S Slovakia
87%
Afrikka S Somalia
87%
Aasia A Armenia
86%
Afrikka G Gambia
86%
Etelä amerikka K Kolumbia
86%
Afrikka N Nigeria
86%
Afrikka E Eritrea
85%
Afrikka G Ghana
85%
Aasia P Pohjois korea
85%
Eurooppa P Pohjois makedonia
85%
Eurooppa R Romania
85%
Afrikka T Tansania
85%
Eurooppa B Bosnia ja Hertsegovina
84%
Afrikka E Etelä afrikka
84%
Aasia J Jordania
84%
Eurooppa K Kroatia
84%
Eurooppa M Moldova
84%
Etelä amerikka V Venezuela
84%
Pohjois amerikka D Dominikaaninen tasavalta
83%
Pohjois amerikka K Kuuba
83%
Afrikka M Mauritania
83%
Afrikka S Sambia
83%
Afrikka T Tunisia
83%
Pohjois amerikka G Guatemala
82%
Aasia M Mongolia
82%
Pohjois amerikka A Antigua ja barbuda
81%
Pohjois amerikka B Bahama
81%
Etelä amerikka G Guyana
81%
Pohjois amerikka C Costa rica
80%
Afrikka G Guinea
80%
Afrikka K Kenia
80%
Afrikka L Liberia
80%
Afrikka L Libya
80%
Aasia M Malesia
80%
Pohjois amerikka P Panama
80%
Aasia T Thaimaa
79%
Afrikka B Botswana
78%
Aasia K Kirgisia
78%
Oseania P Papua uusi guinea
78%
Pohjois amerikka G Grenada
76%
Oseania T Tonga
76%
Oseania M Mikronesia
75%
Pohjois amerikka N Nicaragua
75%
Aasia S Saudi arabia
75%
Aasia S Syyria
74%
Oseania S Samoa
72%
Aasia K Kambodza
71%
Eurooppa I Iso britannia
70%
Aasia S Sri lanka
70%
Afrikka P Päiväntasaajan guinea
69%
Pohjois amerikka S Saint lucia
67%
Afrikka S Swazimaa
58%
Afrikka G Guinea bissau
52%
Eurooppa U Unkari
41%
Ehtoja vastaavia visoja ei löytynyt
Tulosjakauma
Jokaisen tuloksen saaneiden osuus
Persentiili vastausten määrän mukaan
Tuloshistoriasi
Et ole pelannut tätä visaa